000 00482nam a22001817a 4500
003 BD-ChCU
005 20260428115622.0
008 260428b bg ||||| |||| 00| 0 ben d
040 _cBD-ChCU
082 _a596 TOM
100 _aTorrey , Theodore W.
_922025
245 _aMorphogenesis of the vertebrates ./
_cTheodore W. Torrey .
250 _a3rd ed.
260 _aNew York :
_bWiley ,
_cC 1971
300 _aix, 529p.
650 0 _aVertebrates.
_922026
942 _2ddc
_cBK
_n0
999 _c112491
_d112491